[Event "FIDE Disabilities Olym"]
[Site "Belgrade"]
[Date "2023.02.04"]
[Round "?"]
[White "Darpan, Inani"]
[Black "Infiesto, James"]
[Result "1-0"]
[WhiteElo "2016"]
[BlackElo "1930"]
[PlyCount "113"]
[EventDate "2023.01.30"]
[EventType "team-swiss"]
[EventRounds "6"]
[EventCountry "SRB"]
[SourceTitle "CBM 212 Extra"]
[Source "ChessBase"]
[SourceDate "2023.03.31"]
[SourceVersion "1"]
[SourceVersionDate "2023.03.31"]
[SourceQuality "1"]
[WhiteTeam "India"]
[BlackTeam "Philippines"]
[WhiteTeamCountry "IND"]
[BlackTeamCountry "PHI"]

1. e4 e5 2. Bc4 Nc6 3. Nc3 g6 4. Qf3 Nf6 5. Nge2 Bg7 6. d3 h6 7. a3 d6 8. h3 Qe7 9. Be3 Be6 10. 0-0-0 Na5 11. Nd5 Bxd5 12. Bxd5 Nxd5 13. exd5 b6 14. g4 Rf8 15. h4 f5 16. gxf5 gxf5 17. Bd2 Nb7 18. Ng3 0-0-0 19. Rdg1 f4 20. Qg4+ Qd7 21. Ne4 Qxg4 22. Rxg4 Rd7 23. b4 Nd8 24. Rg6 Rf5 25. Rhg1 Rff7 26. f3 Rde7 27. Be1 Bf8 28. Rg8 Rf5 29. R1g6 Ref7 30. Bf2 Rh5 31. Nf6 Rf5 32. Ne4 Rh5 33. Rf6 Rf5 34. Rfg6 Rh5 35. Rf6 Rf5 36. Rxf7 Rxf7 37. Kd2 Kd7 38. h5 Rf5 39. Bh4 Be7 40. Rg7 Nf7 41. Nf6+ Bxf6 42. Rxf7+ Ke8 43. Rxf6 Rxh5 44. Bf2 Rh1 45. Rg6 Rf1 46. Ke2 Rc1 47. Kd2 Rf1 48. Be1 Rxf3 49. Rxh6 Kd7 50. Rh7+ Kc8 51. Ke2 Re3+ 52. Kf1 e4 53. Bf2 Rf3 54. Kg2 b5 55. Re7 exd3 56. Kxf3 d2 57. Ke2 1-0

[Event "Suwalki Warakomska Memorial 6th"]
[Site "Suwalki"]
[Date "2022.08.10"]
[Round "9"]
[White "Kacprzak, Karol1111"]
[Black "Darpan, Inani"]
[Result "1/2-1/2"]
[WhiteElo "2195"]
[BlackElo "2089"]
[PlyCount "33"]
[EventDate "2022.08.03"]
[EventType "swiss"]
[EventRounds "9"]
[EventCountry "POL"]
[SourceTitle "CBM 209 Extra"]
[Source "ChessBase"]
[SourceDate "2022.09.30"]
[SourceVersion "1"]
[SourceVersionDate "2022.09.30"]
[SourceQuality "1"]

1. e4 e5 2. Nf3 Nc6 3. Bb5 a6 4. Ba4 Bc5 5. c3 Nge7 6. 0-0 Ng6 7. d4 Ba7 8. Bg5 f6 9. Be3 0-0 10. Nbd2 d6 11. Re1 Kh8 12. h3 Bd7 13. Nf1 exd4 14. cxd4 d5 15. exd5 Nb4 16. Bb3 Bb5 17. a4 1/2-1/2

[Event "Suwalki Warakomska Memorial 6th"]
[Site "Suwalki"]
[Date "2022.08.07"]
[Round "6"]
[White "Cap, Piotr"]
[Black "Darpan, Inani"]
[Result "1/2-1/2"]
[WhiteElo "2025"]
[BlackElo "2089"]
[PlyCount "87"]
[EventDate "2022.08.03"]
[EventType "swiss"]
[EventRounds "9"]
[EventCountry "POL"]
[SourceTitle "CBM 209 Extra"]
[Source "ChessBase"]
[SourceDate "2022.09.30"]
[SourceVersion "1"]
[SourceVersionDate "2022.09.30"]
[SourceQuality "1"]

1. d4 d5 2. Bf4 c6 3. e3 Qb6 4. b3 Bf5 5. Bd3 Bxd3 6. Qxd3 Nf6 7. Nf3 e6 8. 0-0 Nbd7 9. c4 Qa6 10. Nbd2 Be7 11. h3 0-0 12. e4 dxe4 13. Nxe4 Nxe4 14. Qxe4 Rfe8 15. Rfd1 Rad8 16. a4 c5 17. Bc7 Rc8 18. Be5 cxd4 19. Bxd4 Bf6 20. Ra2 Bxd4 21. Nxd4 Nf6 22. Qe3 Rcd8 23. Rad2 Qb6 24. Qf3 h6 25. Nc2 Rxd2 26. Rxd2 Rc8 27. Rd3 a6 28. Ne3 Qb4 29. Qd1 Ne4 30. Ng4 f5 31. Ne3 Nc5 32. Nc2 Qb6 33. Rg3 Ne4 34. Rf3 Rd8 35. Qa1 Rd2 36. a5 Qc5 37. b4 Qxc4 38. Ne3 Qd4 39. Qa4 Qd7 40. Qb3 Kh7 41. h4 Qd6 42. g4 Rd4 43. Qc2 Rd2 44. Qc4 1/2-1/2

[Event "Budapest FS10 IM"]
[Site "Budapest"]
[Date "2021.10.04"]
[Round "3"]
[White "Fule, Simon"]
[Black "Darpan, Inani"]
[Result "1-0"]
[WhiteElo "2220"]
[BlackElo "2112"]
[PlyCount "53"]
[EventDate "2021.10.02"]
[EventType "tourn"]
[EventRounds "10"]
[EventCountry "HUN"]
[SourceTitle "EXT 2023"]
[Source "ChessBase"]
[SourceDate "2022.10.05"]
[SourceVersion "1"]
[SourceVersionDate "2022.10.05"]
[SourceQuality "1"]

1. e4 c5 2. Nf3 b6 3. d4 cxd4 4. Nxd4 Bb7 5. Nc3 a6 6. Be3 e6 7. Qd2 Qc7 8. f3 Bb4 9. a3 Be7 10. 0-0-0 d6 11. g4 h6 12. h4 Nd7 13. Bh3 Ne5 14. g5 Bc8 15. f4 Nc4 16. Qd3 Nxe3 17. Qxe3 b5 18. g6 Nf6 19. e5 Nd5 20. Nxd5 exd5 21. gxf7+ Kxf7 22. Qf3 Qc4 23. Qh5+ g6 24. e6+ Kf6 25. Qg4 Qa2 26. h5 g5 27. Qf5+ 1-0

[Event "Mosonmagyarovar White Horse IM"]
[Site "Mosonmagyarovar"]
[Date "2021.09.29"]
[Round "7"]
[White "Aayush, Bhattacherjee"]
[Black "Darpan, Inani"]
[Result "1/2-1/2"]
[WhiteElo "2070"]
[BlackElo "2135"]
[PlyCount "55"]
[EventDate "2021.09.24"]
[EventType "tourn"]
[EventRounds "9"]
[EventCountry "HUN"]
[SourceTitle "CBM 204 Extra"]
[Source "ChessBase"]
[SourceDate "2021.11.30"]
[SourceVersion "1"]
[SourceVersionDate "2021.11.30"]
[SourceQuality "1"]

1. d4 Nf6 2. e3 e6 3. f4 c5 4. Nf3 b6 5. Bd3 Bb7 6. 0-0 cxd4 7. exd4 Be7 8. Qe2 0-0 9. Nbd2 Qc8 10. c3 Ba6 11. Ne4 Nxe4 12. Qxe4 Bxd3 13. Qxd3 Qa6 14. Qc2 g6 15. Re1 Qb5 16. a4 Qf5 17. Qd1 Nc6 18. Ne5 Rad8 19. g4 Qf6 20. Qf3 Nxe5 21. dxe5 Bc5+ 22. Be3 Qe7 23. g5 Bxe3+ 24. Qxe3 d6 25. Rad1 dxe5 26. Qxe5 Qc5+ 27. Qxc5 bxc5 28. Kf2 1/2-1/2

[Event "Budapest Vezerkepzo IM 9th"]
[Site "Budapest"]
[Date "2021.09.20"]
[Round "6"]
[White "Bodi, Tibor"]
[Black "Darpan, Inani"]
[Result "1-0"]
[WhiteElo "2307"]
[BlackElo "2135"]
[PlyCount "91"]
[EventDate "2021.09.15"]
[EventType "tourn"]
[EventRounds "9"]
[EventCountry "HUN"]
[SourceTitle "EXT 2022"]
[Source "ChessBase"]
[SourceDate "2021.10.06"]
[SourceVersion "1"]
[SourceVersionDate "2021.10.06"]
[SourceQuality "1"]

1. b4 d5 2. Bb2 Nf6 3. e3 Bg4 4. Be2 Bxe2 5. Qxe2 c6 6. f4 e6 7. a3 g6 8. Nf3 Bg7 9. d3 a5 10. 0-0 axb4 11. axb4 Rxa1 12. Bxa1 0-0 13. Bd4 Nfd7 14. Nbd2 Na6 15. Rb1 Nc7 16. Nb3 Bxd4 17. Nbxd4 Qe7 18. Qd2 Ra8 19. Qc3 e5 20. fxe5 Nxe5 21. Re1 Nxf3+ 22. Nxf3 Ra4 23. e4 Rxb4 24. exd5 Nxd5 25. Qd2 Qf8 26. c4 Nc7 27. Ne5 Ne6 28. Qc3 Qd6 29. Kh1 c5 30. Rf1 f5 31. Qa1 Qd4 32. Qe1 Rb6 33. Qg3 f4 34. Qe1 Qe3 35. Qa1 Ra6 36. Qb2 Rd6 37. Ng4 Qd4 38. Qxb7 h5 39. Nh6+ Kh8 40. Nf7+ Kg8 41. Nxd6 Qxd6 42. Qd5 Qxd5 43. cxd5 Nd4 44. Rxf4 Kg7 45. d6 Ne6 46. d7 1-0

[Event "Lueneburg op-A"]
[Site "Lueneburg"]
[Date "2019.08.09"]
[Round "7"]
[White "Carlstedt, Jonathan"]
[Black "Darpan, Inani"]
[Result "1-0"]
[WhiteElo "2431"]
[BlackElo "1956"]
[PlyCount "68"]
[EventDate "2019.08.03"]
[EventType "swiss"]
[EventRounds "9"]
[EventCountry "GER"]
[SourceTitle "CBM 191 Extra"]
[Source "ChessBase"]
[SourceDate "2019.09.30"]
[SourceVersion "1"]
[SourceVersionDate "2019.09.30"]
[SourceQuality "1"]

1. c4 c5 2. g3 Nc6 3. Bg2 g6 4. Nc3 Bg7 5. a3 a5 6. Nf3 d6 7. 0-0 e5 8. d3 Nge7 9. Ne1 Be6 10. Nc2 d5 11. cxd5 Nxd5 12. Ne4 b6 13. Ng5 Bc8 14. Ne3 Nde7 15. f4 0-0 16. fxe5 Bxe5 17. Qa4 Bd4 18. Kh1 Rb8 19. Qb3 Qe8 20. Nc4 a4 21. Qc2 Qd8 22. Bf4 b5 23. Nd6 f6 24. Nxc8 Qxc8 25. Bxb8 Nxb8 26. Nf3 Nbc6 27. Rae1 Nf5 28. Nxd4 Ncxd4 29. Qc1 Kg7 30. e3 Nb3 31. Qc3 Re8 32. g4 b4 33. axb4 Nxe3 34. Qxf6+ Kg8 1-0

[Event "Lueneburg op-A"]
[Site "Lueneburg"]
[Date "2019.08.08"]
[Round "6"]
[White "Darpan, Inani"]
[Black "Yaaqoub, Rashid"]
[Result "1-0"]
[WhiteElo "1956"]
[BlackElo "2141"]
[PlyCount "63"]
[EventDate "2019.08.03"]
[EventType "swiss"]
[EventRounds "9"]
[EventCountry "GER"]
[SourceTitle "CBM 191 Extra"]
[Source "ChessBase"]
[SourceDate "2019.09.30"]
[SourceVersion "1"]
[SourceVersionDate "2019.09.30"]
[SourceQuality "1"]

1. e4 e5 2. Nf3 Nc6 3. Bc4 Nf6 4. d4 exd4 5. 0-0 Nxe4 6. Re1 d5 7. Bxd5 Qxd5 8. Nc3 Qh5 9. Nxe4 Be6 10. Bg5 Bb4 11. Nxd4 Qxd1 12. Rexd1 h6 13. Nxe6 fxe6 14. Bf4 e5 15. Be3 Rf8 16. c3 Be7 17. b4 Rf7 18. Rd5 a6 19. a4 b6 20. Rad1 Rd8 21. Rxd8+ Bxd8 22. b5 axb5 23. axb5 Na7 24. Rd5 Re7 25. f3 Re6 26. c4 c6 27. Rxd8+ Kxd8 28. Bxb6+ Kc8 29. Bxa7 Re7 30. Bc5 Rd7 31. Nd6+ Kb8 32. b6 1-0

[Event "IND AICF-ch blind 10th"]
[Site "Mumbai"]
[Date "2014.03.02"]
[Round "11"]
[White "Darpan, Inani"]
[Black "Soundarya, Kumar Pradhan"]
[Result "1/2-1/2"]
[WhiteElo "2028"]
[BlackElo "1730"]
[PlyCount "88"]
[EventDate "2014.02.23"]
[EventType "tourn"]
[EventRounds "13"]
[EventCountry "IND"]
[SourceTitle "CBM 159 Extra"]
[Source "ChessBase"]
[SourceDate "2014.04.24"]
[SourceVersion "1"]
[SourceVersionDate "2014.04.24"]
[SourceQuality "1"]

1. e4 e6 2. d4 d5 3. Nc3 Bb4 4. exd5 exd5 5. Bd3 Nf6 6. Nge2 c6 7. a3 Bd6 8. Bg5 Nbd7 9. Qd2 0-0 10. 0-0 Qc7 11. h3 h6 12. Bh4 Nh5 13. f4 f5 14. Qe3 Ndf6 15. Qf3 Qf7 16. Nd1 Ne4 17. Be1 Nhf6 18. Ne3 g5 19. fxg5 Nxg5 20. Qf2 Qg7 21. Kh1 Nfe4 22. Qh4 Be7 23. Bxe4 fxe4 24. Rxf8+ Qxf8 25. Qf4 Qxf4 26. Nxf4 Bd6 27. Nh5 Be6 28. Bg3 Bxg3 29. Nxg3 Rf8 30. Kg1 Nf7 31. Ngf5 Bxf5 32. Nxf5 Kh7 33. Rf1 Ng5 34. Nd6 Rxf1+ 35. Kxf1 Ne6 36. c3 b5 37. b4 Kg6 38. Nc8 Kf6 39. Nxa7 Nd8 40. Nc8 Ke6 41. Nb6 Kd6 42. a4 Kc7 43. a5 Ne6 44. Na8+ Kb7 1/2-1/2

[Event "IND AICF-ch blind 10th"]
[Site "Mumbai"]
[Date "2014.03.01"]
[Round "10"]
[White "Kishan, Gangolli"]
[Black "Darpan, Inani"]
[Result "1/2-1/2"]
[WhiteElo "2028"]
[BlackElo "2028"]
[PlyCount "61"]
[EventDate "2014.02.23"]
[EventType "tourn"]
[EventRounds "13"]
[EventCountry "IND"]
[SourceTitle "CBM 159 Extra"]
[Source "ChessBase"]
[SourceDate "2014.04.24"]
[SourceVersion "1"]
[SourceVersionDate "2014.04.24"]
[SourceQuality "1"]

1. d4 Nf6 2. Nf3 e6 3. Bf4 b6 4. e3 Bb7 5. Bd3 Be7 6. h3 0-0 7. 0-0 c5 8. c3 d5 9. Nbd2 Nbd7 10. Ne5 Nxe5 11. dxe5 Ne4 12. Qc2 Nxd2 13. Qxd2 Qc8 14. Qe2 a5 15. Qg4 g6 16. Rfe1 Rd8 17. Rad1 Bc6 18. h4 Qd7 19. h5 Qe8 20. hxg6 hxg6 21. f3 Kg7 22. Kf2 Qd7 23. Rh1 Rh8 24. Bh6+ Rxh6 25. Rxh6 Kxh6 26. Rh1+ Kg7 27. Qh3 Bg5 28. f4 Rg8 29. fxg5 Kf8 30. Qh4 Bb5 31. Bc2 1/2-1/2

[Event "IND AICF-ch blind 10th"]
[Site "Mumbai"]
[Date "2014.02.28"]
[Round "9"]
[White "Darpan, Inani"]
[Black "Bagayatkar, Madan"]
[Result "1-0"]
[WhiteElo "2028"]
[BlackElo "1753"]
[PlyCount "65"]
[EventDate "2014.02.23"]
[EventType "tourn"]
[EventRounds "13"]
[EventCountry "IND"]
[SourceTitle "CBM 159 Extra"]
[Source "ChessBase"]
[SourceDate "2014.04.24"]
[SourceVersion "1"]
[SourceVersionDate "2014.04.24"]
[SourceQuality "1"]

1. e4 e5 2. Nf3 Nc6 3. Bc4 Be7 4. d3 Nf6 5. 0-0 h6 6. Re1 d6 7. a4 0-0 8. a5 Bg4 9. h3 Bh5 10. c3 d5 11. exd5 Nxd5 12. Nbd2 Nf6 13. Qb3 Rb8 14. Nxe5 Nxe5 15. Rxe5 Bd6 16. Re3 c6 17. Nf1 Bc7 18. Qa2 b5 19. axb6 axb6 20. Re1 b5 21. Bb3 Qxd3 22. Be3 Qd8 23. Bc5 Re8 24. Qa3 Bb6 25. Rxe8+ Qxe8 26. Bxb6 Rxb6 27. Qa7 Rb8 28. Ne3 Rd8 29. Nf5 Rd2 30. Qc7 Rxb2 31. Qg3 Qf8 32. Ra8 Rb1+ 33. Kh2 1-0

[Event "IND AICF-ch blind 10th"]
[Site "Mumbai"]
[Date "2014.02.26"]
[Round "6"]
[White "Darpan, Inani"]
[Black "Yudhajeet, De"]
[Result "1-0"]
[WhiteElo "2028"]
[BlackElo "1531"]
[PlyCount "102"]
[EventDate "2014.02.23"]
[EventType "tourn"]
[EventRounds "13"]
[EventCountry "IND"]
[SourceTitle "CBM 159 Extra"]
[Source "ChessBase"]
[SourceDate "2014.04.24"]
[SourceVersion "1"]
[SourceVersionDate "2014.04.24"]
[SourceQuality "1"]

1. e4 c5 2. Nf3 e6 3. d4 cxd4 4. Nxd4 Nf6 5. Bd3 d6 6. 0-0 Be7 7. c4 0-0 8. Nc3 Nbd7 9. Be3 Nc5 10. Bc2 Bd7 11. b4 Na6 12. a3 Rc8 13. Bd3 Nc7 14. Qe2 Nfe8 15. Rac1 f5 16. exf5 exf5 17. f4 Bf6 18. Qf2 Bxd4 19. Bxd4 a6 20. a4 Nf6 21. Bb6 Qe8 22. Rfe1 Qg6 23. Bf1 Rfe8 24. Rxe8+ Ncxe8 25. Qd4 Ne4 26. Nxe4 fxe4 27. Qd5+ Qf7 28. Qxb7 Nf6 29. Bd4 Be6 30. Qxf7+ Kxf7 31. c5 dxc5 32. Bxc5 Nd5 33. Bxa6 Rc7 34. Re1 Nf6 35. a5 Bd5 36. Rd1 Ba8 37. Bc4+ Kg6 38. Rd6 Rc8 39. f5+ Kh6 40. Be3+ g5 41. Rxf6+ Kg7 42. Rf7+ Kh6 43. g4 Rb8 44. h4 Rg8 45. hxg5+ Rxg5 46. Kh2 Bd5 47. Ra7 Bxc4 48. Kg3 Bf7 49. Kh4 Kg7 50. Bd4+ Kf8 51. Kxg5 Ke8 1-0

[Event "IND AICF-ch blind 10th"]
[Site "Mumbai"]
[Date "2014.02.24"]
[Round "3"]
[White "Waghmare, Sachin Lahu"]
[Black "Darpan, Inani"]
[Result "0-1"]
[WhiteElo "1645"]
[BlackElo "2028"]
[PlyCount "52"]
[EventDate "2014.02.23"]
[EventType "tourn"]
[EventRounds "13"]
[EventCountry "IND"]
[SourceTitle "CBM 159 Extra"]
[Source "ChessBase"]
[SourceDate "2014.04.24"]
[SourceVersion "1"]
[SourceVersionDate "2014.04.24"]
[SourceQuality "1"]

1. e4 c5 2. Nc3 Nc6 3. g3 g6 4. Bg2 Bg7 5. d3 d6 6. f4 Rb8 7. Nf3 Nd4 8. h3 b5 9. 0-0 b4 10. Ne2 Nxf3+ 11. Rxf3 e6 12. g4 Ne7 13. Rb1 Bb7 14. Rf1 h5 15. f5 gxf5 16. gxf5 exf5 17. exf5 Rg8 18. Bxb7 Rxb7 19. Kh1 Qd7 20. Nf4 Nxf5 21. Nxh5 Ng3+ 22. Kg2 Be5 23. Nf4 Nxf1+ 24. Kxf1 Bxf4 25. Bxf4 Qxh3+ 26. Kf2 Rg2+ 0-1

[Event "IBCA Wch blind U20"]
[Site "Belgrade"]
[Date "2013.08.30"]
[Round "8"]
[White "Darpan, Inani"]
[Black "Adiyaman, Rene"]
[Result "1-0"]
[WhiteElo "2024"]
[BlackElo "1822"]
[PlyCount "87"]
[EventDate "2013.08.22"]
[EventType "swiss"]
[EventRounds "9"]
[EventCountry "SRB"]
[SourceTitle "EXT 2015"]
[Source "ChessBase"]
[SourceDate "2014.11.20"]
[SourceVersion "1"]
[SourceVersionDate "2014.11.20"]
[SourceQuality "1"]

1. e4 e5 2. Nc3 Nf6 3. g3 Bc5 4. Bg2 Nc6 5. Nge2 d6 6. d3 Be6 7. 0-0 Qd7 8. Nd5 Ng8 9. Be3 Bb6 10. d4 Bh3 11. f4 Bxg2 12. Kxg2 Nh6 13. h3 Ng8 14. c4 Nge7 15. c5 Ba5 16. dxe5 dxe5 17. a3 Nxd5 18. Qxd5 Qe7 19. b4 exf4 20. Nxf4 Rd8 21. Qc4 Ne5 22. Qc2 Nd3 23. Nxd3 Qxe4+ 24. Kh2 Rxd3 25. Bf4 0-0 26. Rfe1 Qg6 27. bxa5 Rfd8 28. Rad1 h5 29. Rxd3 Rxd3 30. Re8+ Kh7 31. Re3 Rxe3 32. Qxg6+ Kxg6 33. Bxe3 a6 34. Kg2 Kf5 35. Kf3 c6 36. Bd4 f6 37. g4+ hxg4+ 38. hxg4+ Ke6 39. Ke4 g6 40. Bc3 f5+ 41. gxf5+ gxf5+ 42. Kf4 Kd5 43. Bb4 Kc4 44. Kxf5 1-0

[Event "IBCA Wch blind U20"]
[Site "Belgrade"]
[Date "2013.08.25"]
[Round "4"]
[White "Darpan, Inani"]
[Black "Czajkowski, Adam"]
[Result "1/2-1/2"]
[WhiteElo "2024"]
[BlackElo "1933"]
[PlyCount "40"]
[EventDate "2013.08.22"]
[EventType "swiss"]
[EventRounds "9"]
[EventCountry "SRB"]
[SourceTitle "EXT 2015"]
[Source "ChessBase"]
[SourceDate "2014.11.20"]
[SourceVersion "1"]
[SourceVersionDate "2014.11.20"]
[SourceQuality "1"]

1. e4 c5 2. Nf3 e6 3. d4 cxd4 4. Nxd4 a6 5. Bd3 Qc7 6. Nc3 Nc6 7. Nxc6 dxc6 8. 0-0 e5 9. Be3 Nf6 10. Na4 Be6 11. Bb6 Qb8 12. Nc5 Bxc5 13. Bxc5 Nd7 14. Be3 0-0 15. Qf3 f6 16. Qg3 b5 17. Be2 Qc7 18. Bg4 Rfe8 19. Rfd1 Nf8 20. Rd2 Rad8 1/2-1/2

[Event "IND-ch U19 43rd"]
[Site "Lucknow"]
[Date "2013.07.11"]
[Round "2"]
[White "Prasanna Raghuram, Rao"]
[Black "Darpan, Inani"]
[Result "1-0"]
[WhiteElo "2396"]
[BlackElo "2048"]
[PlyCount "101"]
[EventDate "2013.07.10"]
[EventType "swiss"]
[EventRounds "11"]
[EventCountry "IND"]
[SourceTitle "CBM 155 Extra"]
[Source "ChessBase"]
[SourceDate "2013.08.26"]
[SourceVersion "1"]
[SourceVersionDate "2013.08.26"]
[SourceQuality "1"]

1. e4 c5 2. Nf3 d6 3. d4 cxd4 4. Nxd4 Nf6 5. Nc3 a6 6. g3 e5 7. Nb3 b5 8. Bg5 Bb7 9. a4 b4 10. Bxf6 Qxf6 11. Nd5 Qd8 12. a5 Nd7 13. Ra4 Bxd5 14. Qxd5 Be7 15. Rxb4 0-0 16. Rc4 Nf6 17. Qc6 Qc8 18. Qxc8 Rfxc8 19. Nd2 Rab8 20. Rxc8+ Rxc8 21. c3 Rb8 22. b3 Bd8 23. Bxa6 Bxa5 24. b4 Bb6 25. Ke2 Ra8 26. Bc4 Kf8 27. f3 Ke7 28. Bb3 Bc7 29. Rd1 Ra3 30. Rb1 g6 31. Kd3 Nd7 32. Nc4 Ra7 33. Ne3 Nb6 34. c4 Ra3 35. Kc2 Ra7 36. Rd1 Bb8 37. Kc3 Bc7 38. c5 dxc5 39. bxc5 Nd7 40. Nd5+ Ke8 41. Kc4 Bd8 42. c6 Nb6+ 43. Kb5 Nxd5 44. exd5 Ra5+ 45. Kb4 Ra6 46. Bc4 Rb6+ 47. Bb5 Be7+ 48. d6 Bf8 49. c7+ Rxb5+ 50. Kxb5 Kd7 51. Kb6 1-0

[Event "IBCA-ol blind 14th"]
[Site "Chennai"]
[Date "2012.08.14"]
[Round "5.3"]
[White "Nistor, Mihai"]
[Black "Darpan, Inani"]
[Result "0-1"]
[WhiteElo "1925"]
[BlackElo "2015"]
[PlyCount "94"]
[EventDate "2012.08.10"]
[EventType "team-swiss"]
[EventRounds "9"]
[EventCountry "IND"]
[SourceTitle "CBM 149 Extra"]
[Source "ChessBase"]
[SourceDate "2012.08.24"]
[SourceVersion "1"]
[SourceVersionDate "2012.08.24"]
[SourceQuality "1"]
[WhiteTeam "Romania"]
[BlackTeam "India"]
[WhiteTeamCountry "ROU"]
[BlackTeamCountry "IND"]

1. e4 c5 2. Nf3 d6 3. g3 Nc6 4. c3 Nf6 5. d3 e5 6. Bg2 Be7 7. 0-0 0-0 8. Nbd2 Rb8 9. Re1 h6 10. a3 a6 11. h3 Qc7 12. Nf1 Re8 13. Bd2 Bf8 14. Rc1 b5 15. Ne3 Bb7 16. Nh4 Rbd8 17. Nef5 Ne7 18. Qf3 d5 19. Nxh6+ gxh6 20. Qxf6 Bg7 21. Qf3 dxe4 22. Qg4 Qd7 23. Qxd7 Rxd7 24. Bxe4 Bxe4 25. Rxe4 Rxd3 26. Re2 h5 27. Be3 c4 28. Bc5 Bf6 29. Bxe7 Rxe7 30. Nf5 Red7 31. Rce1 Kh7 32. h4 Kg6 33. Ne3 Rd2 34. Nf1 Rxe2 35. Rxe2 Rd1 36. Kg2 Bg7 37. Ne3 Rd3 38. a4 f6 39. axb5 axb5 40. Kf1 Bf8 41. Ke1 Bc5 42. Nd1 Kf5 43. Ne3+ Bxe3 44. fxe3 Ke4 45. Kf2 Rd1 46. Re1 Rxe1 47. Kxe1 Kf3 0-1

[Event "IBCA Wch blind 12th"]
[Site "Belgrade"]
[Date "2010.09.03"]
[Round "8.16"]
[White "Dobierzin, Olaf"]
[Black "Darpan, Inani"]
[Result "0-1"]
[WhiteElo "2088"]
[BlackElo "1993"]
[PlyCount "44"]
[EventDate "2010.08.26"]
[EventType "swiss"]
[EventRounds "9"]
[EventCountry "SRB"]
[SourceTitle "EXT 2011"]
[Source "ChessBase"]
[SourceDate "2010.11.26"]
[SourceVersion "1"]
[SourceVersionDate "2010.11.26"]
[SourceQuality "1"]

1. e4 c5 2. Nf3 d6 3. d4 cxd4 4. Nxd4 Nf6 5. Nc3 a6 6. Be2 e5 7. Nb3 Be7 8. 0-0 0-0 9. Be3 Be6 10. Qd2 Nbd7 11. a4 Rc8 12. a5 Qc7 13. f4 exf4 14. Bxf4 Ne5 15. Nd4 Rfe8 16. Bxe5 dxe5 17. Nf5 Bxf5 18. Rxf5 Bb4 19. Qg5 Bxc3 20. Rxf6 Bxa5 21. Bd3 Qc5+ 22. Kh1 Bd8 0-1